| 000 | 00503nam a2200181Ia 4500 | ||
|---|---|---|---|
| 001 | 13724 | ||
| 005 | 20260306164822.0 | ||
| 008 | 260306t2017||||xx |||||||||||||| ||spa|| | ||
| 041 | _aESP | ||
| 082 |
_a005.133C2 _bG14 |
||
| 100 |
_aGalowicz, Jacek _eAUT |
||
| 245 | 0 |
_aC++17 STL cookbook: _bdiscover the latest enhancements to functional programming and lambda expressions |
|
| 260 | _c2017 | ||
| 300 |
_axi, 510 páginas : _c23 cm. |
||
| 650 | _aGEN | ||
| 654 | _aCCC | ||
| 942 |
_cLIB _dJUS _fJUS _2ddc _n |
||
| 999 |
_c13724 _d13724 |
||